History - American | 0 | 6 | 0 | 0 | 60 | 70 | 91.17 | 0 | 0 |
Other - Other Academic and General Knowledge | 1 | 2 | 0 | 0 | 35 | 57 | 86.67 | 0 | 0 |
Literature - British | 0 | 3 | 0 | 0 | 30 | 77 | 93.67 | 0 | 0 |
Current Events - U.S. | 1 | 1 | 0 | 0 | 25 | 53 | 87.00 | 0 | 0 |
Social Science - Other | 1 | 1 | 0 | 0 | 25 | 36 | 70.00 | 0 | 0 |
Literature - World and Miscellaneous | 0 | 2 | 0 | 0 | 20 | 91 | 107.00 | 0 | 0 |
RMP - World Mythology | 0 | 2 | 0 | 0 | 20 | 98 | 109.50 | 0 | 0 |
RMP - Philosophy | 0 | 2 | 0 | 0 | 20 | 105 | 110.50 | 0 | 0 |
History - Cross, Historiography, and Miscellaneous | 0 | 1 | 0 | 0 | 10 | 95 | 95.00 | 0 | 1 |
Science - Chemistry | 0 | 1 | 0 | 0 | 10 | 102 | 102.00 | 0 | 0 |
Science - Engineering and Miscellaneous | 0 | 1 | 0 | 0 | 10 | 110 | 110.00 | 0 | 0 |
Social Science - Economics | 0 | 1 | 0 | 0 | 10 | 69 | 69.00 | 0 | 0 |
History - World | 0 | 1 | 0 | 0 | 10 | 108 | 108.00 | 0 | 0 |
Fine Arts - Painting | 0 | 0 | 0 | 0 | 0 | | 0.00 | 0 | 0 |
Literature - European | 0 | 0 | 0 | 0 | 0 | | 0.00 | 0 | 0 |
Geography - United States | 0 | 0 | 0 | 0 | 0 | | 0.00 | 0 | 0 |
Science - Biology | 0 | 0 | 0 | 0 | 0 | | 0.00 | 0 | 0 |